000
00272nam a2200109Ia 4500
008
200302s9999 xx 000 0 und d
100
_a
Bob Bates
245
_a
More Adventures in Acrylics and Oils
260
_b
Walter T. Foster Publication
260
_c
1920
300
_a
35 P.,
999
_c
572
_d
572